000
00320nam a22001457a 4500
008
230616b ||||| |||| 00| 0 eng d
020
_a
9781891487743
041
_a
eng
080
_a
34
082
_a
34CRO
100
_a
30
101
_a
JURE
245
_a
CORRECTIONAL PERSPECTIVES
_c
CROMWELL.F.P
942
_2
udc
_c
BK
999
_c
60002
_d
60002